Majstrowe Grill the Grid z F1 - Statystyki

Ogólne statystyki
  • Ten quiz został rozwiązany 70 razy
  • Średni wynik to 10 z 15
Statystyki odpowiedzi
Zawodnicy % Poprawnych
Mistrzowie Świataw barwach McLarena (Zdobyli tytuł w owych barwach) Emerson Fittipaldi | James Hunt |Niki Lauda | Alain Prost | Ayrton Senna | Mika Häkkinen | Lewis Hamilton
100%
Dostawcy opon Avon | Pirelli | Bridgestone | Continental | Dunlop |Englebert | Firestone | Goodyear | Michelin
94%
Zwycięzcy wyścigów z Australii Daniel Ricciardo | Oscar Piastri | Mark Webber |Jack Brabham | Alain Jones
89%
Zwycięzcy GP Turcji Felipe Massa | Lewis Hamilton | Jenson Button |Sebastian Vettel | Valtteri Bottas | Kimi Raikkonen
87%
Zwycięzcy wyścigóww sezonie 1990 Ayrton Senna | Alain Prost | Nelson Piquet |Nigel Mansell | Riccardo Patrese | Thierry Bousten
86%
Mistrzowie Świata którzyzdobyli tytuł mając 40+ lat Juan Manuel Fangio | Giuseppe Farina |Jack Brabham
86%
Wyścigi na których podiumzdobyl Robert Kubica (Miasta np. Baku lub nazwy torów np. Hungaroring) Monza | Monako | Melbourne | Interlagos |Spa-Francorchamps | Fuji | Montreal | Sakhir | Walencja | Sepang
86%
Zdobywcy Pole Position podczas GP Korei Fernando Alonso | Mark Webber | Sebastian Vettel
79%
Zwycięzcy wyścigów w Estoril Michael Schumacher | Ayrton Senna | Alain Prost |Nigel Mansell | Gerhard Berger | Damon Hill | Jacques Villeneuve | David Coulthard | Riccardo Patrese
68%
Zdobywcy podium z Japonii Kamui Kobayashi | Takuma Sato | Aguri Suzuki
65%
Zdobywcy Pole Position ze Szwecji Ronnie Peterson | Jo Bonnier
40%
Dostawcy silników na V Vanwall | Veritas | Voelker
33%
Zespoły na D Dallara | De Tomaso | Deidt | Del Roy | Dunn
22%
Kierowcy reprezentujące Irlandię Joe Kelly | Derek Daly | Tommy Byrne | Ralph Firman
17%
Zespoły na G Gdula | Gerhardt | Gilby | Gordini
13%
Nie znaleziono quizów pasujących do podanych kryteriów
Rozkład punktacji
Procent ludzi z każdym wynikiem
Percentyl według liczby udzielonych odpowiedzi
Twoja historia wyników
Nie rozwiązałeś tego quizu